Trigo : manual de campo /
Guardado en:
| Autor Principal: | |
|---|---|
| Formato: | Libro |
| Publicado: |
Buenos Aires :
Inta, [s.f.]
|
| Materias: | |
| Etiquetas: |
Agregar Etiqueta
Sin Etiquetas, Sea el primero en etiquetar este registro!
|
| LEADER | 00796nam a22002295a 4500 | ||
|---|---|---|---|
| 001 | CEM.cems017207 | ||
| 005 | 20110519085717.0 | ||
| 008 | 130507b######################000#0#####d | ||
| 003 | CEMS | ||
| 082 | 0 | 4 | |a 633.11 |
| 100 | 1 | |a Carrasco, Natalia | |
| 245 | 1 | 0 | |a Trigo : |b manual de campo / |c Natalia Carrasco y Agustín Báez |
| 260 | |a Buenos Aires : |b Inta, [s.f.] | ||
| 300 | |a 79 p. | ||
| 505 | 0 | |a Descripción de enfermedades -- Descripción de plagas -- Descripción de malezas | |
| 653 | |a Trigo | ||
| 653 | |a Trigo-enfermedades | ||
| 653 | |a Trigo-plagas | ||
| 653 | |a Trigo-malezas | ||
| 859 | |a CEMS |b BIB. CEMS - Agricultura |h 633.11 |i C231 |p A0945.09 |t Ej.1 | ||
| 859 | |a CEMS |b BIB. CEMS - Agricultura |h 633.11 |i C231 |p A0946.09 |t Ej.2 | ||
| 859 | |a CEMS |b BIB. CEMS - Agricultura |h 633.11 |i C231 |p A0947.09 |t Ej.3 | ||
